American-Spanish euphemisms.

Bibliographic Details
Main Author: Kany, Charles E. (Charles Emil), 1895-1968
Format: Book
Language:Spanish
Published: Berkley : University of California Press, 1960.
Subjects:

MARC

Tag First Indicator Second Indicator Subfields
LEADER 00000cam a2200000 4500
001 in00000209331
005 20151009054715.0
008 720525s1960 caua b 00000 spa
010 |a  60011847  
035 |a (OCoLC)00318298 
035 |9 AAW8723AM 
040 |c WSU  |d TXA  |d UtOrBLW 
049 |a TXAM  |c [327111] 
090 |a PC4822  |b .K3 
100 1 |a Kany, Charles E.  |q (Charles Emil),  |d 1895-1968. 
245 1 0 |a American-Spanish euphemisms. 
264 1 |a Berkley :  |b University of California Press,  |c 1960. 
300 |a x, 249 pages :  |b illustrations ;  |c 24 cm. 
336 |a text  |b txt  |2 rdacontent 
337 |a unmediated  |b n  |2 rdamedia 
338 |a volume  |b nc  |2 rdacarrier 
504 |a Bibliography: pages [213]-222. 
650 0 |a Spanish language  |x Euphemism. 
650 0 |a Spanish language  |x Provincialisms  |z Latin America. 
650 0 |a Spanish language  |x Slang. 
999 |a MARS 
999 f f |s f117055b-3ab8-36ae-b6c9-8e737adea566  |i 000da2ce-5a1d-343e-bf41-c450874490f7  |t 0 
952 f f |p ric  |a Texas A&M University  |b Rellis Campus  |c Joint Library Facility  |s JLF  |d Remote Storage  |t 0  |e PC4822 .K3  |h Library of Congress classification  |i unmediated -- volume  |m A14803572320 
998 f f |a PC4822 .K3  |t 0  |l Remote Storage